My story being this : details of the life of Mary Williams Magahee, lady of colour /

Bibliographic Details
Main Author: Deane, Pamala-Suzette
Format: Book
Language:English
Published: Hanover, N.H. : University Press of New England, [2004]
Series:Hardscrabble books.
Subjects:

MARC

Tag First Indicator Second Indicator Subfields
LEADER 00000cam a2200000 a 4500
001 in00002016150
005 20151031153152.0
008 041104s2004 nhu 000 1 eng
010 |a  2004013629 
020 |a 1584653108 (cloth : alk. paper) 
035 |a (OCoLC)ocm56909946 
040 |a DLC  |c DLC  |d TXA  |d UtOrBLW 
049 |a TXAM 
050 0 0 |a PS3604.E156  |b M9 2004 
100 1 |a Deane, Pamala-Suzette. 
245 1 0 |a My story being this :  |b details of the life of Mary Williams Magahee, lady of colour /  |c Pamala-Suzette Deane. 
264 1 |a Hanover, N.H. :  |b University Press of New England,  |c [2004] 
264 4 |c ©2004 
300 |a 252 pages ;  |c 22 cm. 
336 |a text  |b txt  |2 rdacontent 
337 |a unmediated  |b n  |2 rdamedia 
338 |a volume  |b nc  |2 rdacarrier 
490 1 |a Hardscrabble books 
600 1 0 |a Magahee, Mary Williams,  |d active 18th century  |v Fiction. 
651 0 |a Rhode Island  |x History  |y Colonial period, ca. 1600-1775  |v Fiction. 
650 0 |a African American women  |v Fiction. 
650 0 |a Free African Americans  |v Fiction. 
830 0 |a Hardscrabble books. 
948 |a cataloged  |b h  |c 2004/12/15  |d c  |e dmitchel  |f 11:20:10 am 
994 |a E0  |b TXA 
999 |a MARS 
999 f f |s 7d083597-205f-38b3-b127-fcbcaed13adb  |i 5510c807-bcc8-383e-8fc1-60cce7822cf4  |t 0 
952 f f |p ric  |a Texas A&M University  |b Rellis Campus  |c Joint Library Facility  |d Remote Storage  |t 0  |e PS3604.E156 M9 2004  |h Library of Congress classification  |i unmediated -- volume  |m A14831641852 
998 f f |a PS3604.E156 M9 2004  |t 0  |l Remote Storage